000 00982cam a22002774a 4500
005 20061024083122.0
008 050913s2006 nyua j b 001 0beng
010 _aENG-92412
020 _a9788170103585
_c175.00
020 _a8170103584
_c175.00
035 _aEN-75945
037 _bDBAD / PUB
040 _adpl
_bEnglish
082 _a155.2
100 _aSondhi, Karan
245 _aBelieving is achieving:
_bthe mantra for success /
_cby Karan Sondhi
250 _a2nd ed
260 _aNew Delhi
_bHemkunt Publishers
_c2007
270 _aA-78, Naraina Industrial Area, Phase-I,
_bNew Delhi
_e110028
300 _a158p.
_c22cm (pbk)
500 _aIncludes bibliographical references
650 _aPersonality.
650 _asuccess
942 _2ddc
_cEN
_mSON
_h155.2
999 _c20767
_d20767